000 00917nam a2200301 i 4500
001 000004468
003 DO-SdBNP
005 20260318112227.0
007 ta
008 090723s1994 dr 001 0 spa d
040 _aDO-SdBNP
_bspa
_cBNPHU
_erda
041 _aspa
082 4 _axxx
_bxxx
_222
100 1 _aCamilo de Cuello, Lourdes,
_eautor
_4aut.
_913081
245 1 0 _aPautas, usos y costumbres en el lenguaje dominicano /
_cLourdes Camilo de Cuello.
250 _atercera edición
264 4 _aSanto Domingo :
_bEditora Taller,
_c©1994.
300 _a167 páginas ;
_c17 cm.
336 _atexto
_btxt
_2rdacontent
337 _asin mediación
_bn
_2rdamedia
338 _avolumen
_bnc
_2rdacarrier
490 _aBilioteca Taller
_v264
500 _aIncluye índice
504 _aBibliografía : página 151-153
590 _aInventariado, 2026/BT
650 4 _aDominicanismos
_913083
942 _2ddc
_cLBS1
999 _c4277
_d4277